Catálogo
 En Linea

Los tribunales de los Estados Unidos / (Registro nro. 18502)

Detalles MARC
000 -CABECERA
campo de control de longitud fija 00824cam a2200241 a 4500
001 - NÚMERO DE CONTROL
campo de control 000018984
005 - FECHA Y HORA DE LA ÚLTIMA TRANSACCIÓN
campo de control 20260408180430.0
008 - DATOS DE LONGITUD FIJA--INFORMACIÓN GENERAL
campo de control de longitud fija 100521s1995 mx b r 000 0 spa d
020 ## - NÚMERO INTERNACIONAL ESTÁNDAR DEL LIBRO
Número Internacional Estándar del Libro 9686987045
040 ## - FUENTE DE LA CATALOGACIÓN
Centro catalogador/agencia de origen DO-SdBNP
Lengua de catalogación spa
Centro/agencia transcriptor BNPHU
082 ## - NÚMERO DE LA CLASIFICACIÓN DECIMAL DEWEY
Número de clasificación 328.3453
Número de documento/Ítem M482t
049 ## - FONDOS LOCALES (OCLC)
Fondos de biblioteca BNGR
100 1# - ENTRADA PRINCIPAL--NOMBRE DE PERSONA
Nombre de persona Meador, Daniel John
9 (RLIN) 40843
245 14 - MENCIÓN DE TÍTULO
Título Los tribunales de los Estados Unidos /
Mención de responsabilidad, etc. Daniel John Meador , traductor Thomas W. Bartenbach, editor Pereznieto del Prado.
260 ## - PUBLICACIÓN, DISTRIBUCIÓN, ETC.
Lugar de publicación, distribución, etc. México :
Nombre del editor, distribuidor, etc. Pereznieto,
Fecha de publicación, distribución, etc. 1995.
300 ## - DESCRIPCIÓN FÍSICA
Extensión 130 p. , mapa. ;
Dimensiones 21 cm.
500 ## - NOTA GENERAL
Nota general Incluye índice analítico p. 125-130
650 #0 - PUNTO DE ACCESO ADICIONAL DE MATERIA--TÉRMINO DE MATERIA
Término de materia o nombre geográfico como elemento de entrada Tribunales
9 (RLIN) 40844
651 #4 - PUNTO DE ACCESO ADICIONAL DE MATERIA--NOMBRE GEOGRÁFICO
Nombre geográfico Estados Unidos
9 (RLIN) 40845
650 #4 - PUNTO DE ACCESO ADICIONAL DE MATERIA--TÉRMINO DE MATERIA
Término de materia o nombre geográfico como elemento de entrada Poder judicial
Subdivisión geográfica Estados Unidos
9 (RLIN) 40846
700 1# - PUNTO DE ACCESO ADICIONAL--NOMBRE DE PERSONA
Nombre de persona Bartenbach, Thomas W.
Término indicativo de función/relación tr.
9 (RLIN) 40847
700 1# - PUNTO DE ACCESO ADICIONAL--NOMBRE DE PERSONA
Nombre de persona Prado, Pereznieto del
Término indicativo de función/relación ed.
9 (RLIN) 40848
Existencias
Estado de retiro Estado de pérdida Restricciones de uso No para préstamo Código de colección Localización permanente Ubicación/localización actual Ubicación en estantería Fecha de adquisición Número de inventario Total de préstamos Signatura topográfica completa Código de barras Fecha visto por última vez Precio válido a partir de Tipo de ítem Koha
        Monografías: Libros y Folletos General General En catalogación 21.05.2010 LF1   328.3453 M482t 18984-10 25.06.2020 25.06.2020 Préstamo en sala

Con tecnología Koha